000 00308nam a22001337a 4500
008 180905b xxu||||| |||| 00| 0 eng d
020 _a9780815332183
041 _aeng
080 _24 ED
_a573
100 _a11
101 _aBIO
245 _aMolecular Biology Of The Cell
_cJohnson,A
942 _2udc
_cBK
999 _c47553
_d47553